| 000 | 00901nam a2200241 a 4500 | ||
|---|---|---|---|
| 001 | 000019706 | ||
| 005 | 20200929170117.0 | ||
| 008 | 100702s1983 sp r 000 f spa d | ||
| 020 | _a847530446X | ||
| 040 |
_aDO-SdBNP _bspa _cBNPHU |
||
| 082 |
_a839.3136 _bS589m |
||
| 100 | 1 |
_aSimenón, Georges, _d1903-1989 _942150 |
|
| 245 | 1 | 0 |
_aObras Completas : _bMaigret y el perro canelo, Maigret en casa de los flamencos, Cécile ha muerto / _cGeorges Simenón ; traducción Carlos Suárez Morilla , Le Chien Jaune , Andrés Pampola , Ramón Hervás. |
| 260 |
_aBarcelona : _bEdiciones Orbis, _c1983. |
||
| 300 |
_aT. 2 ; _c21 cm. |
||
| 650 | 4 |
_aNovela belga _913814 |
|
| 650 | 4 |
_aLiteratura belga _918345 |
|
| 700 | 1 |
_aJaue, Le chien, _etr. _942151 |
|
| 700 | 1 |
_aSuárez Morilla, Carlos, _etr. _942152 |
|
| 700 | 1 |
_aPampola, Andrés, _etr. _942153 |
|
| 700 | 1 |
_aHervás, Ramón, _etr. _942154 |
|
| 049 | _aBNGR | ||
| 999 |
_c19221 _d19221 |
||